| 000 | 04963cam a22004214a 4500 | ||
|---|---|---|---|
| 001 | 15450918 | ||
| 003 | OSt | ||
| 005 | 20231108123114.0 | ||
| 008 | 080908s2009 enkabe b 001 0 eng | ||
| 010 | _a 2008038887 | ||
| 015 |
_aGBA8D1083 _2bnb |
||
| 016 | 7 |
_a101483607 _2DNLM |
|
| 016 | 7 |
_a014821396 _2Uk |
|
| 020 | _a9780521872461 (hardback) | ||
| 020 | _a0521872464 (hardback) | ||
| 035 | _a(OCoLC)ocn253187708 | ||
| 040 |
_aDNLM/DLC _cDLC _dNLM _dBTCTA _dYDXCP _dUKM _dBWKUK _dBWK _dCDX _dTXA _dTOZ _dDLC |
||
| 042 | _apcc | ||
| 044 |
_aenk _anyu |
||
| 050 | 0 | 0 |
_aQL757 _b.P743 2009 |
| 082 | 0 | 0 | _a599.8 PRI 2009 |
| 100 |
_aEdited by Huffman, Michael A.; Chapman, Colin A. _916842 |
||
| 245 | 0 | 0 |
_aPrimate Parasite Ecology : _bthe dynamics and study of host-parasite relationships |
| 260 |
_aCambridge, UK ; _aNew York : _bCambridge University Press, _c2009. |
||
| 300 |
_axvi, 531 p. : _bill., maps, plans ; _c24 cm. |
||
| 490 | 1 |
_aCambridge studies in biological and evolutionary anthropology ; _v57 |
|
| 504 | _aIncludes bibliographical references and index. | ||
| 505 | 0 | 0 |
_tCollection methods and diagnostic procedures for primate parasitology / _rEllis C. Greiner and Antoinette McIntosh -- _tMethods of collection and identification of minute nematodes from the feces of primates, with special application to coevolutionary study of pinworms / _rHideo Hasegawa -- _tThe utility of molecular methods for elucidating primate-pathogen relationships : the Oesophagostomum bifurcum example / _rRobin B. Gasser, Johanna M. de Gruijter, and Anton M. Polderman -- _tThe application of endocrine measures in primate parasite ecology / _rMichael P. Muehlenbein -- _tUsing agent-based models to investigate primate disease ecology / _rCharles L. Nunn -- _tWhat does a parasite see when it looks at a chimpanzee? / _rMichael V. K. Sukhdeo and Suzanne C. Sukhdeo -- _tPrimate malarias : evolution, adaptation, and species jumping / _rAnthony Di Fiore ... [et al.] -- _tDisease avoidance and the evolution of primate social connectivity : Ebola, bats, gorillas, and chimpanzees / _rPeter D. Walsh, Magdalena Bermejo, and José Domingo RodrÃguez-Teijeiro -- _tPrimate-parasitic zoonoses and anthropozoonoses : a literature review / _rTaranjit Kaur and Jatinder Singh -- _tLice and other parasites as markers of primate evolutionary history / _rDavid L. Reed ... [et al.] -- _tCryptic species and biodiversity of lice from primates / _rNatalie P. Leo -- |
| 505 | 8 | 0 |
_tPrevalence of Clostridium perfringens in intestinal microflora of non-human primates / _rShiho Fujita, Asami Ogasawara, and Takashi Kageyama -- _tIntestinal bacteria of chimpanzees in the wild and in captivity : an application of molecular ecological methodologies / _rKazunari Ushida -- _tGastrointestinal parasites of bonobos in the Lomako Forest, Democratic Republic of Congo / _rJozef Dupain ... [et al.] -- _tHabitat disturbance and seasonal fluctuations of lemur parasites in the rain forest of Ranomafana National Park, Madagascar / _rPatricia C. Wright ... [et al.] -- _tChimpanzee-parasite ecology at Budongo Forest (Uganda) and the Mahale Mountains (Tanzania) : influence of climatic differences on self-medicative behavior / _rMichael A. Huffman ... [et al.] -- _tPrimate exposure and the emergence of novel retroviruses / _rNathan D. Wolfe and William M. Switzer -- _tOverview of parasites infecting howler monkeys, Alouatta sp., and potential consequences of human-howler interactions / _rSylvia K. Vitazkova -- _tPrimate parasite ecology : patterns and predictions from an ongoing study of Japanese macaques / _rAlexander D. Hernandez, Andrew J. MacIntosh, and Michael A. Huffman -- _tCrop raiding : the influence of behavioral and nutritional changes on primate-parasite relationships / _rAnna H. Weyher -- _tCan parasite infections be a selective force influencing primate group size? : a test with red colobus / _rColin A. Chapman, Jessica M. Rothman, and Stacey A. M. Hodder -- _tHow does diet quality affect the parasite ecology of mountain gorillas? / _rJessica M. Rothman, Alice N. Pell, and Dwight D. Bowman -- _tHost-parasite dynamics : connecting primate field data to theory / _rColin A. Chapman, Stacey A. M. Hodder, and Jessica M. Rothman -- _tWays forward in the study of primate disease ecology / _rColin A. Chapman ... [et al.] -- _tUseful diagnostic references and images of protozoans, helminths, and nematodes commonly found in wild primates / _rHideo Hasegawa, Colin A. Chapman, and Michael A. Huffman. |
| 650 | 0 |
_aPrimates biology _914448 |
|
| 650 | 0 |
_aEcology _914449 |
|
| 650 | 2 | 2 |
_aEcosystem. _910960 |
| 830 | 0 |
_aCambridge studies in biological and evolutionary anthropology ; _v57. _914455 |
|
| 856 | 4 | 1 |
_3Table of contents only _uhttp://www.loc.gov/catdir/toc/fy0904/2008038887.html |
| 906 |
_a7 _bcbc _corignew _d1 _eecip _f20 _gy-gencatlg |
||
| 942 |
_2ddc _cO_SHELF |
||
| 999 |
_c7030 _d7030 |
||